000 00531nam a2200193 a 4500
001 1772446938238
003 YourLibrary
005 20260302155321.0
008 260302s2006##################000#0#eng##
020 _a9788131700921
082 0 4 _a327
_bSHO
100 1 _aJain, Shobhita,
_eauthor.
245 1 0 _aThe Economics and Politics of Resettlement in India :
260 _bPearson Education India,
_c2006.
300 _a352 pages
650 0 _aSocial Science.
942 _cENGLISH
040 _aYourLibrary
_beng
_cYourLibrary
999 _c616501
_d616501